000
00306 a2200133 4500
001
49271
040
_c
Anchieta - Bela Vista
240
1
0
_a
A gente que ia buscar o dia
_l
por
245
1
0
_a
A gente que ia buscar o dia
300
_a
32
362
0
_a
2006
650
4
_a
Literatura infanto-juvenil
942
_c
BK
999
_c
49271
_d
49271